000
00201 a2200097 4500
001
2813
100
_a
Knolc, R.E.
245
_a
Contrasts
260
_a
_b
Harcourt, Brace & Co.
_c
090
_c
2108
_d
2108
942
_a
NUST-CAE
_c
M
_c
12314
999
_c
237886
_d
237886